[Event "Moscow Aeroflot op-A"]
[Site "Moscow"]
[Date "2005.02.15"]
[Round "1"]
[White "Areshchenko, Alexander"]
[Black "Tregubov, Pavel V"]
[Result "1-0"]
[WhiteElo "2570"]
[BlackElo "2629"]
[Annotator "Erenburg,S"]
[PlyCount "105"]
[EventDate "2005.02.15"]
[EventType "swiss"]
[EventRounds "9"]
[EventCountry "RUS"]
[SourceTitle "CBM 106"]
[Source "ChessBase"]
[SourceDate "2005.06.06"]
[SourceVersion "1"]
[SourceVersionDate "2005.06.06"]
[SourceQuality "1"]

1. e4 c5 2. Nf3 Nc6 3. d4 cxd4 4. Nxd4 e5 5. Nb5 d6 6. N1c3 ({Another popular
theoretical line is} 6. c4 {---> 0-1 Apicella,M-Degraeve,J/Aix les Bains 2003/
CBM 97_01/[Erenburg] (38)}) 6... a6 7. Na3 b5 8. Nd5 Nf6 {Black has the
following alternatives:} (8... Nge7 {---> 0-1 Pavlovic,M-Fedorov,A/Plovdiv
2003/CBM 98/[Erenburg] (43)}) (8... Be7 {---> 1-0 Holmsten,A-Yagupov,I/Ubeda
2000/CBM 75/[Finkel,A] (36)}) (8... Nce7 {---> 1-0 Shirov,A-Fedorov,A/Istanbul
2000/EXT 2001/[Gershon] (28)}) 9. c4 (9. Bg5 {leads to Sveshnikov variation.})
9... b4 10. Nxf6+ Qxf6 11. Nc2 {Now white already threatens to take on b4 with
following check from a4.} Bb7 {Rare continuation in comparison to the
following one:} (11... Qg6 {, which was considered as a main line...} 12. Ne3 {
---> 1-0 Bologan,V-Tregubov,P/Belfort 2002/CBM 090/[Bologan] (30)} (12. Qd5 $5
Bb7 13. Nxb4 Rc8 14. Be3 Be7 15. h4 O-O 16. h5 Qg4 17. f3 Qg3+ 18. Kd1 Bg5 19.
Nxc6 Bxe3 20. Ne7+ Kh8 21. Qd3 $18 {Anand V.(2790) - Shirov A.(2718), Linares
2002 It (cat.20)})) 12. g3 $146 {In my opinion, very logical decision to
fianchette the light-squared bishop. Black has already defined the position of
his light-squared bishop, so white doesn't need to care too much about
protecting the c4 square. In previous game white continued} (12. Bd3 Be7 13.
O-O O-O 14. Ne3 Nd4 15. Nd5 Bxd5 16. cxd5 Bd8 17. f4 Bb6 18. Kh1 Qe7 19. fxe5
dxe5 20. Qe1 a5 21. Be3 Rac8 22. Rc1 Rfd8 23. Qg3 f6 24. Rc4 Qf7 25. b3 Qg6 {
1/2-1/2 Wallner,A-Schiestl,J/Graz AUT 2004/The Week in Chess 524 (25)}) 12...
Be7 13. Bg2 Bd8 $6 {Black's idea is clear- he intends to occupy the a7-g1
diagonal. But, unfortunately, white found a concrete way to refute it...} ({
More normal looks} 13... O-O 14. O-O a5 15. Be3 $13) 14. O-O ({After} 14. Be3 {
black, probably, planned to locate his dark-squared bishop on c7:} O-O 15. O-O
Bc7) 14... Bb6 $6 {Black shouldn't have allowed white to open up the game on
the queenside, when his monarch is still in the centre.} ({In case of} 14...
O-O 15. Be3 a5 16. Qd3 $14 {white will press along the "d" file, and, his
chances look preferable...}) {[%tqu "En","Please enter the best move for white.
","","","c2b4","",10]} 15. Nxb4 $1 {using a big concentration of black's light
pieces on the "b" file.} ({Worse is} 15. Ne3 {[%cal Ye3d5]} Nd4 16. Qa4+ Bc6
17. Qxb4 Bc5 18. Qd2 Nf3+ 19. Bxf3 Qxf3 $132) 15... Nxb4 (15... Nd4 16. Qa4+
$16) 16. Qb3 a5 17. a3 Bc5 ({Maybe, the least of the evils was} 17... d5 18.
exd5 Nxd5 19. Bxd5 Bxd5 20. cxd5 O-O 21. Be3 Rfb8 $14 {and black's chances are
not so bad...}) 18. axb4 axb4 (18... Bxb4 19. Bd2 $1 Bxd2 (19... O-O 20. Bxb4
$16) 20. Qb5+ $1 $16) 19. Rxa8+ Bxa8 20. Qa4+ $32 {Black's king is still in
the centre, white has occupied the only open file- all these factors make
black's position unpleasant...} Ke7 21. Be3 $1 {Black's dark-squared bishop is
a basis of defence.. That's why white changes it.} Rc8 ({The best chance was
to sacrifice the pawn:} 21... Rd8 22. Bxc5 (22. Rd1 $5) 22... dxc5 23. Qa7+ Ke8
24. Qxc5 Qd6 25. Qa5 $14) 22. Bxc5 {is stronger, than} (22. Bh3 Rd8 (22... Bc6
23. Qa5 $1) 23. Bxc5 dxc5 24. Qa7+ Ke8 25. Qxc5 Qd6 $14) 22... dxc5 23. Qa7+
Kf8 24. Rd1 {[%cal Yg2h3] White controls both two open files, now he can
improve his position step by step...} g6 $2 ({More to the point was} 24... Qe6
$1 {, covering the h3-c8 diagonal.} 25. b3 Ke8 26. h4 $36 {[%cal Yg1h2,Yg2h3] ,
but, the position favours white anyway.}) 25. Bh3 $1 Qf3 {Other continuations
are not better:} (25... Re8 26. Qxc5+ $16) (25... Bxe4 26. Bxc8 Qf3 27. Qxc5+
Kg7 28. Qxe5+ Kh6 29. Qf4+ $18) 26. Re1 $1 Bxe4 ({After} 26... Re8 {white's
advantage is obvious as well:} 27. Qxc5+ Kg8 28. Re3 $16) 27. Rxe4 Qxe4 28.
Bxc8 Qe1+ (28... Qxc4 29. Ba6 $16) 29. Kg2 Qe4+ 30. Kh3 Qxc4 31. Ba6 {covering
the f1 square.} (31. Qb8 {comes to consideration.}) 31... Qd4 32. Kg2 Qe4+ (
32... Qxb2 {loses immediately:} 33. Bc4 $18) 33. Kg1 Qb1+ 34. Bf1 Qxb2 35.
Qxc5+ $16 {/+-. White is a bishop up only for a two pawns. The position should
be technically winning .} Kg7 36. Qd5 Qd4 $2 {After a trade of the queens,
black is hopeless...} ({More resistant was} 36... f5 37. Bc4 Kh6 $16 {/+-}) 37.
Qxd4 exd4 38. Bc4 $1 {Now white is going to bring his king to the centre, and
he will win black's queenside pawns.} Kf6 39. Kf1 Ke5 40. Ke2 (40. Bxf7 {
wins as well:} d3 41. Ke1 Kd4 42. Kd2 $18) 40... f5 41. f4+ Ke4 42. Ba6 $1 {
[%cal Ya6b7]} d3+ (42... Kd5 43. Kd3 $18) 43. Bxd3+ Kd4 44. Kd2 b3 45. Bb1 Kc4
46. h3 Kd4 47. g4 fxg4 48. hxg4 {creating a passed pawn on the kingside.} b2 (
48... Kc4 49. g5 Kd4 50. f5 Ke5 51. f6 Ke6 52. Bxg6 hxg6 53. Kc3 $18) 49. Ke2
Kd5 50. Ke3 Ke6 51. f5+ Kf6 52. fxg6 hxg6 53. Kf4 1-0

[Event "FRA-ch"]
[Site "Aix les Bains"]
[Date "2003.08.28"]
[Round "10"]
[White "Apicella, Manuel"]
[Black "Degraeve, Jean Marc"]
[Result "0-1"]
[WhiteElo "2522"]
[BlackElo "2541"]
[Annotator "Erenburg,S"]
[PlyCount "76"]
[EventDate "2003.08.18"]
[EventType "tourn"]
[EventRounds "11"]
[EventCountry "FRA"]
[EventCategory "13"]
[SourceTitle "CBM 097"]
[Source "ChessBase"]
[SourceDate "2003.11.11"]
[SourceVersion "1"]
[SourceVersionDate "2003.11.11"]
[SourceQuality "1"]

1. e4 c5 2. Nf3 Nc6 3. d4 cxd4 4. Nxd4 e5 5. Nb5 d6 6. c4 Be7 (6... Be6 {
is another theoretical line.}) 7. Bd3 {Other possibilities are:} (7. b3 $5 {
0-1 Anand,V-Radjabov,T/Dortmund 2003/CBM 97_01/[Radjabov] (39)}) (7. Be2 {
0-1 Landenbergue,C-Kishnev,S/SUI 1992/CBM 31/[Blatny,P] (17)}) 7... a6 (7...
Nf6 {1/2-1/2 Anand,V-Shirov,A/Buenos Aires 1994/CBM 44/[Anand] (48)}) 8. N5c3
Bg5 {Black wants to realize the main strategical idea of Kalashnikov
variation- to trade the dark-squared bishops.} 9. Nd2 (9. Na3 {0-1 Dominguez,
L-Nataf,I/Havana 2001/CBM 84/[Gershon] (43)}) 9... Nf6 (9... Be6 10. b3 Nge7
11. O-O O-O 12. Nd5 Qa5 13. b4 Qd8 14. a3 Ng6 15. Re1 Nd4 16. Nb3 Bxc1 17. Rxc1
Nxb3 18. Qxb3 Qg5 19. Bf1 Rac8 20. Rcd1 f5 21. exf5 Qxf5 22. Qe3 Qf7 $11 {
[%cal Gb7b5,Gg6h4,Gh4f5,Gf5d4] 1-0 Yagupov,I-Zvereva,M/St Petersburg RUS 2001/
The Week in Chess 344 (52)}) 10. O-O {White can immediately to transfer his
knight from d2 to e3 via f1, before making the castle:} (10. Nf1 Bxc1 11. Rxc1
O-O 12. Ne3 Nd4 13. O-O b5 14. cxb5 axb5 15. Nxb5 Nxb5 16. Bxb5 Rxa2 17. Qb3
Be6 18. Bc4 Bxc4 19. Rxc4 Ra6 $11 {1/2-1/2 Sokolov,A-Tregubov,P/Mulhouse FRA
2001/The Week in Chess 336 (27)}) 10... O-O 11. Nb3 (11. b3 Nd4 12. Bb2 Bg4 $1
13. f3 {[%cal Ya7g1]} Bd7 14. Kh1 b5 15. Ne2 Ne6 16. b4 Qb6 17. cxb5 axb5 18.
Nb1 Rfd8 19. Nbc3 Bc6 {[%cal Gd6d5]} 20. Nd5 Nxd5 21. exd5 Bxd5 22. Bxh7+ Kxh7
23. Qxd5 Kg8 $11 {1-0 Luther,T-Tregubov,P/Ohrid MKD 2001/The Week in Chess 344
(48)}) 11... Bxc1 12. Rxc1 Be6 13. Be2 (13. Qd2 $6 {1/2-1/2 Bobras,
P-Przedmojski,R/Koszalin 1999/CBM 73/[Gershon] (33)}) ({Interesting, that
logical} 13. Nd5 {is still unchecked.} Rc8 14. Qd2 Nd7 (14... Ne8 15. Rfd1 $14
{[%cal Gd3f1]}) 15. Qe3 $14) 13... Rc8 $11 {Black equalized the position, as
he succeeded to trade dark-squared bishops, and, white cannot occupy the
central outpost d5 by the piece.} 14. Re1 Na5 15. Nd5 (15. Nxa5 Qxa5 16. b3
Rfd8 $11 (16... Qc5 $5)) 15... Bxd5 {It is always preferable to take on d5 by
the bishop in such type of positions.} 16. exd5 Nxb3 17. Qxb3 Qc7 18. Qe3 a5 $1
{preventing the moving of white queenside pawns, and, preparing the c5 square
for the knight.} 19. Rc3 Nd7 {Now black is going to occupy the excellent c5
square by the knight.} 20. g4 $2 {weakening all the dark squares in his camp.
More logical was} (20. Qh3 $11) 20... Nc5 21. Kh1 Qd7 22. Rg1 Rc7 {Step by
step black improves the position of his pieces.} 23. Bd3 {preventing black's
plan of e5-e4 and trying to take control over the light squares.} Nxd3 24. Qxd3
f5 25. g5 g6 $6 {After this move black loses the resourse of using the
diagonal e8-h5, from where black queen could make some problems to white.
Deserves attention the following continuations:} (25... Qf7 $5) (25... Rc5 $5)
26. Rd1 $6 {What the rook is doing on d1?} (26. Rgc1 $142) 26... Rfc8 27. h4 $2
{losing the pawn.} ({After} 27. Rdc1 f4 {and black's chances are slightly
preferable, thanks to the weaknesses on the white's kingside.}) {[%tqu "En",
"Please enter the best move for black.","","","d7a4","",10]} 27... Qa4 $1 28.
Rdc1 (28. b3 Qxa2 $17) 28... Qxa2 29. c5 $2 {Why to give up on another pawn?
Better is} (29. R1c2 $17) 29... Qxb2 $19 {Now black is two pawns up without
any white's compensation.} 30. Kg2 Qb4 {[%cal Gb4h4]} 31. Rc4 (31. c6 bxc6 (
31... b5 $19) 32. Rxc6 Rxc6 33. Rxc6 Ra8 $19) 31... Qb5 32. h5 e4 33. Qd4 dxc5
{Probably the last moves of the game were others... But it is clear, that
black has a decisive advantage.} 34. Rxc5 $2 ({More resistant was} 34. Qe5 Qe8
$19) 34... Rxc5 35. h6 R5c7 $4 (35... R8c7 $19) 36. d6 (36. Qg7+ $11) 36...
Rxc1 $4 {I'm sure, that this position didn't appear in the game. Otherwise,
white had a little more attractive possibility, than the move in the game :)}
37. d7 (37. Qg7#) 37... Qf1+ 38. Kg3 Qd3+ 0-1

[Event "American Continental 2nd"]
[Site "Buenos Aires"]
[Date "2003.08.19"]
[Round "3"]
[White "De Dovitiis, Alejo"]
[Black "Franco Ocampos, Zenon"]
[Result "0-1"]
[WhiteElo "2401"]
[BlackElo "2520"]
[Annotator "Erenburg,S"]
[PlyCount "84"]
[EventDate "2003.08.17"]
[EventType "swiss"]
[EventRounds "11"]
[EventCountry "ARG"]
[SourceTitle "CBM 097"]
[Source "ChessBase"]
[SourceDate "2003.11.11"]
[SourceVersion "1"]
[SourceVersionDate "2003.11.11"]
[SourceQuality "1"]

1. e4 c5 2. Nf3 Nc6 3. d4 cxd4 4. Nxd4 Qc7 5. Nb5 Qb8 6. c4 Nf6 7. N5c3 e6 8.
Be3 {White has tried also} (8. f4 d6 9. Be2 (9. Bd3 a6 10. Nd2 g6 11. Nf3 Bg7
12. O-O O-O 13. Be3 b5 14. cxb5 Ng4 15. Bd2 axb5 $11 {0-1 Pavlovic,
M-Damljanovic,B/Belgrade 1992/CBM 31 (39)}) 9... b6 $5 {1-0 Kundin,A-Bar,R/
Givataim 1998/CBM 68/[Kundin/Alterman] (30)}) (8. Be2 b6 (8... Bd6 9. Be3 b6
10. Nd2 Bb7 11. h3 Bc5 $11 {0-1 Damljanovic,B-Ivanisevic,I/Belgrade 1999/EXT
2000 (36)}) 9. Bg5 Bb7 10. a3 Be7 11. b4 O-O 12. Nd2 $2 (12. Ra2 $5) 12... Qe5
$1 13. Bxf6 Bxf6 14. Rc1 Nd4 15. O-O Bg5 $17 {0-1 Ehlvest,J-Movsesian,S/
Panormo 2002/CBM 90 ext (58)}) (8. g3 Be7 9. Bg2 O-O 10. O-O d6 11. Na3 Bd7 12.
Bf4 Rc8 13. Qe2 a6 14. Rfd1 Ne5 15. Rac1 b6 16. h3 Ra7 17. g4 h6 18. Bg3 Rac7
$11 {0-1 Groszpeter,A-Rotstein,A/Cannes 1996/CBM 51 ext (39)}) 8... Be7 {
There is the option of early light-squared bishop's fianchetto, but, it seems
to me dubious:} (8... b6 {1/2-1/2 Abreu,A-Teske,H/Havana 1998/CBM 65/
[ChessBase] (42)}) 9. Be2 O-O (9... d6 10. a3 b6 11. Nd2 Bb7 12. f4 O-O 13. O-O
Rd8 14. Bf3 Bf8 15. Bf2 Nd7 16. b4 g6 17. Rc1 $14 {1-0 Karpov,A-Kurajica,B/
Hastings 1971/MCD (35)}) 10. O-O Rd8 {preparing the breakthrough d7-d5 in one
tempo.} 11. f4 {White has other continuations:} (11. a3 $1 {1-0 Anand,
V-Lautier,J/Tilburg 1998/EXT 99/[Anand] (39)}) (11. Nd2 d5 $11) 11... b6 12. a3
Bb7 13. b4 d5 $1 {Black realizes his main idea- providing the breakthrough in
the centre. If he succeeds to win the d5 pawn back, he will get nice position.}
(13... d6 14. Ra2 Qc8 15. Bf3 Nb8 16. Qb3 Nbd7 17. Rd1 a6 18. Rad2 Qc7 19. a4
Rac8 20. Na3 Qb8 21. Bd4 $14 {1-0 Kan,I-Flohr,S/Moscow 1936/HCL (42)}) 14. cxd5
(14. exd5 exd5 15. Nxd5 Nxd5 16. cxd5 Bf6 $15 {[%cal Gc6e7]}) 14... exd5 15.
exd5 Bf8 $1 {with following Ne7 That's the point! Without this move, 13...d5
couldn't be possible.} 16. f5 $6 $146 (16. Bc4 Ne7 17. Qb3 Nexd5 18. Bd4 Nxf4
$36) ({In the previous game white played} 16. Qc1 Ne7 17. Bd4 Nexd5 18. Nxd5
Nxd5 19. Nc3 Qd6 (19... a5) 20. Be5 Qg6 21. Bf3 $11 {1-0 Bagirov,V-Polugaevsky,
L/Moscow 1960/MCD (62)}) 16... Ne7 (16... Bd6 {comes to consideration.}) 17.
Bg5 {taking away the bishop from the following attack on it from d5.} ({
White cannot equlize after} 17. Bf4 {as well:} Qc8 18. Qb3 (18. d6 Nxf5 $17 {
and white loses the d6 pawn.}) 18... Nexd5 19. Nxd5 (19. Bg5 a5 $15) 19... Nxd5
(19... Bxd5 20. Qg3 a5 $15) 20. Bg5 Re8 $15) 17... Nexd5 18. Nxd5 (18. Qb3 Bd6
$17) (18. Qe1 Bd6 $17) 18... Rxd5 $15 {Thanks to a development advantage and
to more active pieces, black's chances are preferable.} 19. Qb3 $6 {allows
black to get a big advantage.} ({Better is} 19. Qe1 $1 Bd6 $1 (19... Qe5 $140
$2 20. Nc3 {[%cal Ge2f3]} Bd6 21. Qg3 $1 Qxg3 22. hxg3 Re5 (22... Rd4 23. Bxf6
gxf6 24. Nb5 $14) 23. Bxf6 gxf6 24. Bf3 $11) (19... Ne4 $5 20. Bf4 Bd6 $15) 20.
Qh4 Be5 $15) 19... Qe5 $1 $17 20. Nc3 $2 {loses the material on the spot.
White could keep material balance after} (20. Ra2 $142 Bd6 21. g3 (21. Qh3 Ne4
22. Be3 Re8 $17) (21. Bf4 Qd4+ 22. Be3 Qh4 23. g3 Bxg3 24. Bf3 Be5 $19) 21...
Re8 {[%cal Ge5d4]} 22. Bf3 Qd4+ 23. Kg2 Ne4 24. Be3 Qe5 $17) (20. Bxf6 Qxf6 21.
Nc3 Rxf5 (21... Rd2 $5 $17) 22. Bc4 Bd6 $17) 20... Bd6 $1 $19 21. Bf4 {The
following moves give white even less chances:} (21. g3 Qd4+ 22. Rf2 Rxf5 $19) (
21. h3 Qh2+ 22. Kf2 Bg3+ 23. Ke3 Re8+ {with mate.}) (21. Rf4 Qe3+ (21... Rc8
$19) (21... Rd2 $19) (21... Rd4 $19) 22. Rf2 Qxg5 $19) 21... Qd4+ 22. Kh1 Bxf4
23. Bf3 Be5 ({Even stronger was} 23... Bxh2 24. Nxd5 (24. Kxh2 Qf4+ 25. Kh1
Qh6+ 26. Kg1 Qe3+ 27. Kh2 Rd4 $19 {[%cal Yd4h4]}) 24... Qh4 25. Nxf6+ gxf6 26.
Rfd1 Re8 {with following mate.}) 24. Nxd5 Bxd5 25. Bxd5 Qxd5 26. Qxd5 Nxd5 {
Black has two active light pieces for a rook. His position is winning, but
still he has to play carefully. For example, better not to allow white to
change the rook, as it gives white more chances.} 27. Rae1 Bf6 (27... f6 $19)
28. Rf3 h5 29. Rd3 Ne7 30. Rf1 Nc6 31. g3 (31. Rc1 Nd4 $19) 31... Ne5 32. Rc3
a5 33. bxa5 {White could change the rooks, but in this particular position his
chances are very low, as black hasn't weaknesses:} (33. Rfc1 Kh7 34. Rc8 Rxc8
35. Rxc8 axb4 36. axb4 Be7 37. Rb8 (37. b5 Bc5 $19) 37... Nc4 38. Rb7 (38. Rc8
Ne3 $19) 38... Bxb4 39. Rxf7 Kg8 $19 {[%cal Yb4c5]}) 33... Rxa5 34. Rb3 Ra6 35.
Rc1 Be7 {transfering the bishop to more active position c5.} 36. Rc8+ Kh7 37.
Re8 Nc6 38. Rc8 (38. Rc3 Bc5) 38... Nd4 {Now black is increasing the material
advantage, and white's chances to get the draw equal to zero.} 39. Rd3 Nxf5 40.
Rf3 Kg6 41. Rc6+ f6 42. Rb3 Bc5 0-1

[Event "Aarhus GM"]
[Site "Aarhus"]
[Date "2003.08.03"]
[Round "8"]
[White "Stefansson, Hannes"]
[Black "Fries Nielsen, Jens Ove"]
[Result "1-0"]
[WhiteElo "2560"]
[BlackElo "2453"]
[Annotator "Erenburg,S"]
[PlyCount "95"]
[EventDate "2003.07.27"]
[EventType "tourn"]
[EventRounds "9"]
[EventCountry "DEN"]
[EventCategory "9"]
[SourceTitle "CBM 097"]
[Source "ChessBase"]
[SourceDate "2003.11.11"]
[SourceVersion "1"]
[SourceVersionDate "2003.11.11"]
[SourceQuality "1"]

1. e4 c5 2. Nf3 Nc6 3. d4 cxd4 4. Nxd4 e5 5. Nb5 a6 $6 {Loewenthal variation
appears rarely nowadays. Usually black continues} (5... d6) (5... Nf6) 6. Nd6+
Bxd6 7. Qxd6 Qf6 (7... Qe7) 8. Qc7 $5 {Other theoretical possibilities are:} (
8. Qd1) (8. Qd2) (8. Qa3) (8. Qxf6) 8... Nge7 9. Nc3 Nd4 $6 {Black's main idea
in this variation is to get counterplay, providing the breakthrough d7-d5.
After the move in the game white gets an advantage easily.} (9... Nb4 {0-1
Lanka,Z-Majorovas,V/Jurmala 1983/MCL/[Notkin] (43)}) 10. Bd3 d6 {Black has
tried the following continuations, but after all of them they didn't equlize.}
(10... Ne6 11. Qb6 Nf4 12. Qxf6 Nxd3+ 13. cxd3 gxf6 14. f4 $14 {1-0 Lutz,
C-Rabiega,R/Binz 1995/CBM 50 ext (55)}) (10... O-O 11. h4 h6 12. Be3 b5 13.
O-O-O Nec6 (13... d6 $142 $14) 14. Nd5 $16 {1-0 Coleman,D-Nielsen,J/Copenhagen
1997/EXT 2000 (27)}) (10... Qg6 11. Be3 d6 12. O-O-O Nec6 13. Nd5 $16 {1/2-1/2
Dueball,J-Rabiega,R/Germany 1994/GER-chT (43)}) 11. Be3 O-O (11... Bg4 12. h3
Bh5 13. Qxb7 O-O 14. Nd5 Nxd5 15. Qxd5 g5 16. Bxd4 exd4 17. h4 Rae8 18. hxg5
Qg6 19. f4 h6 20. e5 Qg7 21. Rxh5 dxe5 22. O-O-O {1-0 Tolnai,T-Tanner,H/
Zuerich 1987/EXT 97 (22)}) 12. Na4 $146 {According to my database, this
position appeared for the first time. In the previous game white continued} (
12. h4 h6 13. Na4 Bg4 14. Bxd4 exd4 15. Nb6 Rad8 16. f3 $14 {1/2-1/2 Euler,
G-Espig,T/Germany 1993/GER (56)}) 12... Bg4 $6 {Black's main idea of this move
is to create some threats against white monarch, if white castles. In my
opinin, better was to play agressive in the centre, while white king is
vulnerable:} (12... d5 13. Bxd4 $1 (13. Nb6 Ne6 14. Qd6 dxe4 15. Nxa8 (15. Bxe4
Rd8 16. Qb4 (16. Qxd8+ Nxd8 17. Nxa8 $13) 16... Rb8 $11) 15... Rd8 16. Qa3 exd3
17. cxd3 Nd5 $15) 13... exd4 14. e5 Qg5 15. g3 $14 {[%cal Gf2f4]}) (12... Be6 {
is better place for light-squared bishop.} 13. Bxd4 exd4 14. O-O $14) 13. Nb6
$1 {attacking the a8 rook and covering the c8 and d5 squares.} Rad8 14. Bxd4 $1
{White eliminates active black's knight, afterware he can castle.} ({White
cannot castle} 14. O-O $4 {, in view of} {[%tqu "En","How would you play for
black?","","","d4f3","",10]} Nf3+ $1 15. Kh1 (15. gxf3 Bxf3) 15... Qh4 $19)
14... exd4 15. O-O d5 16. f3 $1 Qd6 {Black is going on much worse endgame, as
other options give white even bigger advantage:} (16... dxe4 17. fxg4 Qd6 18.
Qxd6 Rxd6 19. Nc4 $18) (16... Bc8 17. e5 Qc6 18. Qxc6 Nxc6 19. f4 $16) (16...
Be6 17. e5 {and white wins the knight on e7.}) 17. Qxd6 Rxd6 18. Nxd5 Nxd5 19.
exd5 Bd7 20. Rad1 Rc8 {Black can't win the d5 pawn, as he loses his central d4
pawn:} (20... Rxd5 21. Be4 Rd6 22. c3 f5 23. Bb1 Bb5 24. Rf2 Re8 (24... d3 25.
b3 $16) 25. Rfd2 $16) 21. Rf2 g6 (21... Rxd5 22. Be4 Rd6 23. c3 $16 {[%cal
Gf2d2]}) 22. Bf1 Rxd5 23. c4 $1 Re5 24. Rxd4 $16 Be6 25. Re2 {Of course, white
aspires to trade as much pieces as possible, as he has a material advantage.}
Ra5 26. b3 Ra3 $6 {As I understand, black wanted to prevent moving of white's
pawns on the queenside. But, a3- is too passive position for the rook.} ({
The best attempt to continue to fight was} 26... b5 27. cxb5 axb5 28. Kf2 $16)
27. Rb2 Kg7 28. Rd6 $1 {transfering the rook to b6, from where it attacks the
b7 pawn, and, at the same time disturbs black to get a counterplay.} Kf6 29.
Rb6 Rc7 30. Bd3 $1 {with following occupation of the excelent central position
on e4.} Ke7 31. Be4 Bc8 32. Bd5 $18 {White's domination is absolute. All his
pieces have occupied excelent position. Now it's turn of the king to be
activated.} Rd7 33. Kf2 Ra5 {What else? Anyway, white could drive away the
rook from a3 by attacking it with the king.} 34. a4 Rc5 35. Re2+ {Now another
white rook got into the game. White's plan is very simple: he is going to push
forward his pawns on the both sides of the board, increasing the space
advantage, as well as creating the weaknesses in the black camp.} Kf8 36. Re4
Rcc7 37. Ke3 Rd8 38. Kf4 h6 39. h4 Kg7 40. Re3 Kf8 41. g4 Kg7 42. Kg3 Kh7 43.
Re5 Kg7 44. f4 {Now white is going to push forward his "f" pawn, creating the
weaknesses in the black camp, and, getting the place for invasion- e7.} Rcd7
45. Kf3 Rc7 46. a5 Rh8 47. f5 gxf5 48. gxf5 {Black is hopeless. The following
variation shows how easy for white to "complete the mission".} (48. gxf5 f6 (
48... Rd8 49. f6+ Kg8 (49... Kf8 50. Rh5 $18) 50. Re7 Rxe7 51. fxe7 Re8 52. Rd6
$18) 49. Re2 Rf8 50. Kf4 Kh7 51. h5 Rg7 (51... Kg7 52. Rg2+ Kh7 53. Rg6) 52.
Re3 Kh8 53. Be6 Rc7 (53... Bxe6 54. fxe6 $18) 54. Bxc8 $18 {[%cal Gb6b7,Gb6f6]}
) 1-0